000 00307nam a2200109Ia 4500
008 171211s9999 xx 000 0 und d
245 _aDartmoor's Alluring Uplands
245 _cHarold Fox and Matthew Tompkins
260 _c2012
650 _xHistory
856 _uhttp://down.ebook777.com/063/0859898644.pdf
999 _c348842
_d348842